000 00774nam a22002177a 4500
003 koha_MIRAKIL
005 20260415093734.0
008 260415b tur||||| |||| 00| 0 tur d
020 _a9786050812572
040 _aTR-IsEVY
_btur
_cTR-IsEVY
082 _aFIC ORA/L
100 _aOrakçı, Mustafa
245 0 _aLevent Bursa’da /
_cMustafa Orakçı ; resimleyen Derya Işık Özbay.
250 _a5. bs.
260 _aİstanbul :
_bTimaş Çocuk Yayınları,
_c2014.
300 _a96 s. :
_brenkli resimli ;
_c19 cm.
490 0 _aTürkiye'yi Geziyorum ; 2.
650 _aBulunduğumuz mekan ve zaman Where we are in place and time.
_vÇocuk Edebiyatı.
_vÇocuk Hikayeleri.
_vKültürler.
_vBursa.
700 1 _aÖzbay, Derya Işık.
_cresimleyen.
942 _2ddc
_cBK
999 _c23477
_d23477